=LDR 00000nam 2200000 4500 =001 INLIS000000000021483 =005 20130612120337 =008 ***********************************Ind** =035 ##$$0010-061300000021483 =041 ##$$a Ind =082 ##$$a 808.83 =090 ##$$a 808.83, Sit i =100 ##$$a Siti Sri Sundari =245 ##$$a Ingin jadi wartawan, Siti Sri Sundari =260 ##$$a 1982 $b Jakarta =300 ##$$a 62 hlm, Ilus, 21 cm =850 ##$$a NBPNMAT